000
00401nam a22001697a 4500
003
MPLRDC
005
20220104123919.0
008
210129b ||||| |||| 00| 0 eng d
082
_a
831.4 LDD
100
_a
刘大澄述注
245
_a
唐诗三百首欣赏
_c
250
_a
再版
260
_a
_b
文化图书公司
_c
1964
300
_b
精
650
_a
唐诗总集
942
_c
BK
_o
831.4 LDD
999
_c
15188
_d
15178